00467 2200169 4500001002100000008004100021035002000062245005600082100001400138260004200152300001200194020002200206084001400228082000800242650002900250990001800279INLIS000000000000822 ind  a0010-0724000822 aRagam Ekspresi Fungsional Bahasa InggriscPardiyono aPardiyono aBandung :bPT. Pustaka Pitalokac2011 a58 hlm. a978-602-9125-13-9 a428 PAR r a428 aPemakaian Bahasa Inggris aP29/CP/24/822